Statistiques concernant ZEE d'Océanie - Carte Quiz

Cliquez ici pour prendre le quiz!

Statistiques générales

  • Ce quiz a été pris 64 fois
  • Le résultat moyen est 10 sur 19

Réponses sur la Carte

Les réponses sont colorées sur une échelle allant du rouge au vert en fonction du pourcentage des utilisateurs qui les ont devinées à leur premier essai. Vous pouvez retrouver ces pourcentages ci-dessous.
 

Statistiques - réponses

Réponse% Correct
Australie
92%
Nouvelle-Zélande
90%
Papouasie-Nouvelle-Guinée
72%
Micronésie
69%
France
67%
Nauru
59%
Salomon
56%
Kiribati
54%
Palaos
54%
Îles Marshall
49%
Chili
44%
États-Unis
44%
Fidji
44%
Tuvalu
44%
Japon
41%
Royaume-Uni
38%
Samoa
38%
Vanuatu
38%
Tonga
36%

Distribution des résultats

Percentile par nombre de réponses

% des personnes avec chaque résultat

Votre développement - résultats

Vous n’avez pas pris ce quiz